Policz jak najwyżej w 30 sekund! - Statystyki

Ogólne statystyki
  • Ten quiz został rozwiązany 690 razy
  • Średni wynik to 40 z 50
Statystyki odpowiedzi
liczby % Poprawnych
1
100%
2
99%
3
98%
4
98%
6
98%
5
97%
8
97%
7
96%
9
96%
11
93%
12
93%
10
93%
14
92%
13
91%
15
91%
17
91%
18
91%
16
90%
22
90%
19
89%
21
89%
20
88%
23
88%
24
87%
25
86%
26
86%
27
86%
28
85%
29
84%
30
80%
32
79%
31
78%
33
78%
34
76%
35
74%
36
72%
37
71%
38
70%
39
69%
40
66%
41
64%
42
62%
43
58%
45
55%
44
54%
46
49%
47
47%
48
44%
49
43%
50
39%
Nie znaleziono quizów pasujących do podanych kryteriów
Rozkład punktacji
Procent ludzi z każdym wynikiem
Percentyl według liczby udzielonych odpowiedzi
Twoja historia wyników
Nie rozwiązałeś tego quizu